| 000 | 00665nam a2200205 4500 | ||
|---|---|---|---|
| 999 |
_c2863 _d2863 |
||
| 001 | 2863 | ||
| 003 | BD-JhCC | ||
| 005 | 20171107173427.0 | ||
| 008 | 171107b1984 bg ||||| |||| 00| 0 ben d | ||
| 035 | _a(BD-JhCC) | ||
| 040 |
_aBD-JhCC _dBD-JhCC |
||
| 041 | _aben | ||
| 082 |
_a891.4435 _bAHA 1984 |
||
| 100 | _aআহমদ, ফয়েজ | ||
| 245 |
_aসত্যবাবু মারা গেছেন / _cফয়েজ আহমদ |
||
| 260 |
_aঢাকা: _bইউনিভার্সিটি প্রেস লিমিটেড; _c১৯৮৪ |
||
| 300 |
_a২১২ পৃ.; _c২২ সেমি |
||
| 650 | _aShort stories | ||
| 942 |
_2ddc _cBK |
||